[Event "Novi Sad CC Dame"]
[Site "Novi Sad"]
[Date "2017.03.17"]
[Round "7"]
[White "Sredojevic, Ivan"]
[Black "Konstantinov, Aleksandar"]
[Result "0-1"]
[WhiteElo "2367"]
[BlackElo "2251"]
[PlyCount "70"]
[EventDate "2017.03.13"]
[EventType "swiss"]
[EventRounds "9"]
[EventCountry "SRB"]
[SourceTitle "CBM 177 Extra"]
[Source "ChessBase"]
[SourceDate "2017.04.27"]
[SourceVersion "1"]
[SourceVersionDate "2017.04.27"]
[SourceQuality "1"]

1. e4 e6 2. d4 d5 3. Nc3 Nf6 4. Bg5 Be7 5. e5 Nfd7 6. h4 h6 7. Bxe7 Qxe7 8. h5 c5 9. Nb5 0-0 10. Nc7 Nxe5 11. Nxa8 cxd4 12. Qxd4 Nbc6 13. Qd2 b6 14. 0-0-0 Bb7 15. Nxb6 axb6 16. Nf3 Nd7 17. g4 Nc5 18. Kb1 Ne4 19. Qe1 Qc5 20. Rg1 Nb4 21. Rc1 Rc8 22. c4 d4 23. Rd1 d3 24. Nd2 Qa5 25. a3 Nc2 26. Qxe4 Bxe4 27. Nxe4 Nd4 28. Bxd3 Nf3 29. Rg3 Ne5 30. Rd2 Nxd3 31. Rgxd3 Rxc4 32. Re3 b5 33. g5 Rxe4 34. b4 Qa8 35. Red3 Kh7 0-1

[Event "Novi Sad CC Dame"]
[Site "Novi Sad"]
[Date "2017.03.16"]
[Round "6"]
[White "Konstantinov, Aleksandar"]
[Black "Drazic, Sinisa"]
[Result "1/2-1/2"]
[WhiteElo "2251"]
[BlackElo "2416"]
[PlyCount "43"]
[EventDate "2017.03.13"]
[EventType "swiss"]
[EventRounds "9"]
[EventCountry "SRB"]
[SourceTitle "CBM 177 Extra"]
[Source "ChessBase"]
[SourceDate "2017.04.27"]
[SourceVersion "1"]
[SourceVersionDate "2017.04.27"]
[SourceQuality "1"]

1. d4 Nf6 2. c4 e6 3. Nc3 Bb4 4. Qc2 d5 5. a3 Be7 6. cxd5 exd5 7. Bg5 c6 8. e3 Nbd7 9. Bd3 0-0 10. Nge2 Re8 11. 0-0 Nf8 12. Rae1 Nh5 13. Bxe7 Rxe7 14. Ng3 Nxg3 15. hxg3 Qd6 16. e4 dxe4 17. Nxe4 Qd8 18. Ng5 h6 19. Rxe7 Qxe7 20. Nf3 Be6 21. Re1 Rd8 22. Bc4 1/2-1/2

[Event "Thessaloniki Triandria-A 9th"]
[Site "Thessaloniki"]
[Date "2016.05.05"]
[Round "4"]
[White "Konstantinov, Aleksandar"]
[Black "Lajthajm, Borko"]
[Result "0-1"]
[WhiteElo "2049"]
[BlackElo "2400"]
[PlyCount "36"]
[EventDate "2016.05.03"]
[EventType "swiss"]
[EventRounds "7"]
[EventCountry "GRE"]
[SourceTitle "EXT 2024"]
[Source "ChessBase"]
[SourceDate "2023.10.10"]
[SourceVersion "1"]
[SourceVersionDate "2023.10.10"]
[SourceQuality "1"]

1. d4 Nf6 2. c4 e6 3. Nc3 Bb4 4. f3 0-0 5. e4 d6 6. Bd3 e5 7. d5 Bxc3+ 8. bxc3 Nh5 9. Ne2 f5 10. exf5 Bxf5 11. 0-0 Bxd3 12. Qxd3 Nd7 13. Be3 Qh4 14. g3 Qh3 15. Rf2 Ndf6 16. c5 e4 17. fxe4 Ng4 18. Raf1 Rf3 0-1

[Event "Belgrade Trophy 29th"]
[Site "Belgrade"]
[Date "2015.11.29"]
[Round "6"]
[White "Konstantinov, Aleksandar"]
[Black "Djokic, Nebojsa"]
[Result "0-1"]
[WhiteElo "2055"]
[BlackElo "2245"]
[PlyCount "54"]
[EventDate "2015.11.24"]
[EventType "swiss"]
[EventRounds "9"]
[EventCountry "SRB"]
[SourceTitle "CBM 170 Extra"]
[Source "ChessBase"]
[SourceDate "2016.02.25"]
[SourceVersion "1"]
[SourceVersionDate "2016.02.25"]
[SourceQuality "1"]

1. d4 Nf6 2. c4 g6 3. Nc3 Bg7 4. e4 d6 5. Nf3 0-0 6. Be2 e5 7. d5 Na6 8. Nd2 c6 9. Nb3 Ne8 10. g4 f5 11. gxf5 gxf5 12. exf5 Bxf5 13. a3 Qh4 14. Be3 Kh8 15. Qd2 Bg6 16. 0-0-0 cxd5 17. Nxd5 Rc8 18. Rhg1 Qe4 19. Nc3 Rxc4 20. Bxc4 Qxc4 21. Qd5 Qc7 22. Nd2 Bf7 23. Qb5 d5 24. Bxa7 d4 25. Bb6 Qc8 26. Nde4 dxc3 27. Nxc3 Bg6 0-1

[Event "Varna op 6th"]
[Site "Varna"]
[Date "2012.07.20"]
[Round "9"]
[White "Konstantinov, Aleksandar"]
[Black "Petkov, Hristo"]
[Result "0-1"]
[WhiteElo "1855"]
[BlackElo "2053"]
[PlyCount "70"]
[EventDate "2012.07.11"]
[EventType "swiss"]
[EventRounds "9"]
[EventCountry "BUL"]
[SourceTitle "CBM 149 Extra"]
[Source "ChessBase"]
[SourceDate "2012.08.24"]
[SourceVersion "1"]
[SourceVersionDate "2012.08.24"]
[SourceQuality "1"]

1. e4 c5 2. Nf3 e6 3. d4 cxd4 4. Nxd4 Nf6 5. Bd3 Nc6 6. Be3 a6 7. Nd2 d6 8. c3 Be7 9. Qe2 0-0 10. Rg1 Qc7 11. g4 d5 12. g5 Nxe4 13. Nxe4 dxe4 14. Bxe4 Nxd4 15. Bxd4 g6 16. h4 e5 17. Be3 Be6 18. h5 Rad8 19. f3 Bc5 20. Qf2 Bxe3 21. Qxe3 Rd6 22. Rh1 Rfd8 23. hxg6 fxg6 24. Rh2 Qd7 25. Qe2 Qf7 26. b3 b5 27. Qe3 Qd7 28. Qe2 Qa7 29. Rg2 Qc5 30. Rc1 b4 31. c4 a5 32. Rf2 Rd2 33. Qxd2 Rxd2 34. Rxd2 Qg1+ 35. Ke2 Qxc1 0-1

[Event "Varna op 6th"]
[Site "Varna"]
[Date "2012.07.18"]
[Round "7"]
[White "Konstantinov, Aleksandar"]
[Black "Triboulin, Boyann"]
[Result "1-0"]
[WhiteElo "1855"]
[BlackElo "1694"]
[PlyCount "109"]
[EventDate "2012.07.11"]
[EventType "swiss"]
[EventRounds "9"]
[EventCountry "BUL"]
[SourceTitle "CBM 149 Extra"]
[Source "ChessBase"]
[SourceDate "2012.08.24"]
[SourceVersion "1"]
[SourceVersionDate "2012.08.24"]
[SourceQuality "1"]

1. e4 e5 2. Nf3 Nc6 3. Bc4 Be7 4. d4 exd4 5. Nxd4 d6 6. 0-0 Nf6 7. Nc3 0-0 8. Bf4 Ne5 9. Bb3 a6 10. Qe2 Bg4 11. f3 c5 12. Nf5 Bxf5 13. exf5 Qc7 14. Nd5 Nxd5 15. Bxd5 Rfe8 16. Qf2 Nc6 17. c3 Bf6 18. Rad1 Rad8 19. g4 Ne7 20. Be4 h6 21. Qd2 Be5 22. c4 Qb6 23. b3 Bd4+ 24. Kh1 d5 25. Bd3 Nc6 26. cxd5 Rxd5 27. f6 Nb4 28. Be4 Rdd8 29. fxg7 Bxg7 30. Qe2 Nd5 31. Rxd5 Rxd5 32. Bh7+ Kf8 33. Be4 Rd4 34. Qf2 Rdd8 35. Qg3 Rd7 36. Bf5 Rd5 37. Rc1 Red8 38. Bc7 Rd1+ 39. Kg2 R8d2+ 40. Kh3 Qc6 41. Rxd1 Rxd1 42. Be4 Qb5 43. Bf4 Qd7 44. Be3 b6 45. Qb8+ Qd8 46. Qb7 a5 47. Bf4 Rd7 48. Qc6 f6 49. Bg6 Kg8 50. Qe6+ Kh8 51. Be4 Re7 52. Qf5 Qg8 53. Bd6 Re8 54. Qg6 Rc8 55. Bf4 1-0

[Event "Varna op 6th"]
[Site "Varna"]
[Date "2012.07.16"]
[Round "5"]
[White "Konstantinov, Aleksandar"]
[Black "Yordanov, Lachezar"]
[Result "1-0"]
[WhiteElo "1855"]
[BlackElo "1659"]
[PlyCount "57"]
[EventDate "2012.07.11"]
[EventType "swiss"]
[EventRounds "9"]
[EventCountry "BUL"]
[SourceTitle "CBM 149 Extra"]
[Source "ChessBase"]
[SourceDate "2012.08.24"]
[SourceVersion "1"]
[SourceVersionDate "2012.08.24"]
[SourceQuality "1"]

1. e4 d5 2. exd5 Nf6 3. Bc4 Nxd5 4. Ne2 Nc6 5. 0-0 e5 6. d4 Nb6 7. Bb5 exd4 8. Nxd4 Bd7 9. Re1+ Be7 10. Bxc6 bxc6 11. Qe2 c5 12. Nb3 Be6 13. Rd1 Nd7 14. Be3 Qc8 15. Nc3 0-0 16. Ne4 Bxb3 17. axb3 Re8 18. Qg4 Nf6 19. Nxf6+ Bxf6 20. Qxc8 Rexc8 21. c3 c4 22. bxc4 a6 23. Bd4 Bg5 24. b4 Kf8 25. Ra5 Be7 26. c5 c6 27. Rda1 g6 28. Rxa6 Rxa6 29. Rxa6 1-0

[Event "Sofia MGU op 54th"]
[Site "Sofia"]
[Date "2012.04.01"]
[Round "5"]
[White "Konstantinov, Aleksandar"]
[Black "Metev, Martin"]
[Result "0-1"]
[WhiteElo "1897"]
[BlackElo "2042"]
[PlyCount "100"]
[EventDate "2012.03.31"]
[EventType "swiss"]
[EventRounds "6"]
[EventCountry "BUL"]
[SourceTitle "EXT 2014"]
[Source "ChessBase"]
[SourceDate "2013.11.20"]
[SourceVersion "1"]
[SourceVersionDate "2013.11.20"]
[SourceQuality "1"]

1. e4 e6 2. d4 d5 3. exd5 exd5 4. Nf3 Bd6 5. Bd3 Qe7+ 6. Be3 Nf6 7. 0-0 Bg4 8. Bg5 0-0 9. Re1 Bxf3 10. gxf3 Qd7 11. Bh4 Nc6 12. c3 Nh5 13. Bg3 Nf4 14. Bf1 Nh3+ 15. Bxh3 Qxh3 16. Qd3 Rae8 17. Nd2 Ne7 18. Qf1 Qh6 19. Nb3 Nf5 20. Rxe8 Rxe8 21. Re1 Re6 22. Rxe6 Qxe6 23. Nc5 Bxc5 24. dxc5 c6 25. Qd3 f6 26. Kf1 Kf7 27. Qe2 d4 28. Qxe6+ Kxe6 29. c4 d3 30. Ke1 Nxg3 31. fxg3 Ke5 32. Kd2 Kd4 33. b3 Kxc5 34. Kxd3 Kb4 35. Kc2 Ka3 36. Kb1 a5 37. Kc2 Kxa2 38. c5 Ka3 39. Kc3 a4 40. b4 h5 41. g4 h4 42. f4 Ka2 43. Kc2 g6 44. h3 Ka1 45. f5 gxf5 46. gxf5 Ka2 47. Kc3 Ka3 48. Kc4 Kb2 49. b5 a3 50. Kb4 a2 0-1

[Event "Sofia MGU op 54th"]
[Site "Sofia"]
[Date "2012.03.31"]
[Round "2"]
[White "Konstantinov, Aleksandar"]
[Black "Andreev, Dobrotich"]
[Result "1-0"]
[WhiteElo "1897"]
[BlackElo "2043"]
[PlyCount "95"]
[EventDate "2012.03.31"]
[EventType "swiss"]
[EventRounds "6"]
[EventCountry "BUL"]
[SourceTitle "EXT 2014"]
[Source "ChessBase"]
[SourceDate "2013.11.20"]
[SourceVersion "1"]
[SourceVersionDate "2013.11.20"]
[SourceQuality "1"]

1. e4 c6 2. d4 d5 3. Nd2 dxe4 4. Nxe4 Bf5 5. Ng3 Bg6 6. Nf3 Nd7 7. Bd3 e6 8. 0-0 Ngf6 9. Re1 Be7 10. c3 0-0 11. Bxg6 hxg6 12. Bg5 Qc7 13. Qe2 Bd6 14. Ne5 Nh7 15. Nf3 Nxg5 16. Nxg5 Bf4 17. Qg4 Nf6 18. Qh4 Bxg5 19. Qxg5 Rfd8 20. Ne4 Nxe4 21. Rxe4 Rd5 22. Qe3 Rad8 23. Re1 c5 24. dxc5 Qxc5 25. g3 Qc7 26. a3 b6 27. Re2 R5d7 28. Kg2 Qc6 29. Qf3 f5 30. R4e3 Qxf3+ 31. Kxf3 Rd3 32. Kf4 Rxe3 33. Kxe3 Kf7 34. f4 Kf6 35. Rd2 Rxd2 36. Kxd2 g5 37. Ke3 gxf4+ 38. gxf4 g5 39. fxg5+ Kxg5 40. c4 Kg4 41. b4 e5 42. c5 bxc5 43. bxc5 f4+ 44. Kf2 Kf5 45. h4 e4 46. c6 Kg4 47. c7 e3+ 48. Ke2 1-0

[Event "Sofia MGU op 51st"]
[Site "Sofia"]
[Date "2012.02.11"]
[Round "1"]
[White "Konstantinov, Aleksandar"]
[Black "Stanchev, Plamen"]
[Result "0-1"]
[WhiteElo "1855"]
[BlackElo "1847"]
[PlyCount "61"]
[EventDate "2012.02.11"]
[EventType "swiss"]
[EventRounds "6"]
[EventCountry "BUL"]
[SourceTitle "CBM 147 Extra"]
[Source "ChessBase"]
[SourceDate "2012.04.24"]
[SourceVersion "1"]
[SourceVersionDate "2012.04.24"]
[SourceQuality "1"]

1. e4 d5 2. exd5 Nf6 3. Nc3 Nxd5 4. Nxd5 Qxd5 5. Nf3 Bg4 6. Be2 Nc6 7. 0-0 0-0-0 8. c3 e5 9. d4 exd4 10. cxd4 Nxd4 11. Nxd4 Bxe2 12. Qxe2 Qxd4 13. Be3 Qe4 14. Qb5 a6 15. Qb3 Qd5 16. Qc3 Bd6 17. Rfd1 Qe5 18. g3 Kb8 19. Rac1 Rc8 20. Bf4 Qf6 21. Be3 h5 22. h4 Qe6 23. Kg2 Rhe8 24. Rd4 Re7 25. Rc4 Qd5+ 26. Kg1 Bxg3 27. Qb3 Qe6 28. Ba7+ Kxa7 29. Qxg3 c6 30. Qa3 Qe5 31. Rc5 0-1

[Event "Varna op 5th"]
[Site "Varna"]
[Date "2011.07.07"]
[Round "6"]
[White "Pozharsky, Viktor"]
[Black "Konstantinov, Aleksandar"]
[Result "1-0"]
[WhiteElo "2399"]
[BlackElo "1869"]
[PlyCount "101"]
[EventDate "2011.07.03"]
[EventType "swiss"]
[EventRounds "9"]
[EventCountry "BUL"]
[SourceTitle "CBM 143 Extra"]
[Source "ChessBase"]
[SourceDate "2011.08.29"]
[SourceVersion "1"]
[SourceVersionDate "2011.08.29"]
[SourceQuality "1"]

1. d4 Nf6 2. Nf3 c5 3. d5 d6 4. Nc3 a6 5. a4 g6 6. g3 Bg7 7. Bg2 0-0 8. 0-0 e5 9. Nd2 Nh5 10. e4 Qe8 11. Nc4 Qe7 12. Nb6 Ra7 13. a5 Bd7 14. Be3 Nf6 15. b4 Ng4 16. Qe2 Nxe3 17. Qxe3 Bb5 18. Rfb1 Bd7 19. bxc5 dxc5 20. Nca4 Bxa4 21. Rxa4 Rd8 22. Bh3 Bf8 23. Ra2 Qc7 24. c4 Bd6 25. Rab2 Rf8 26. Kh1 Kh8 27. Re2 h6 28. Qd3 Re8 29. Rf1 Qd8 30. Qc3 Qc7 31. Qb2 Kg8 32. Bg4 Rf8 33. Qb1 Kh7 34. h4 Kg8 35. Qd3 Qd8 36. Qe3 Kg7 37. Rb1 f5 38. Bh3 Nd7 39. exf5 gxf5 40. Qf3 e4 41. Qh5 Nxb6 42. Rxb6 Qf6 43. Bxf5 Qxf5 44. Qxf5 Rxf5 45. Rxd6 b5 46. axb6 Rb7 47. Rc6 Re5 48. d6 Kf8 49. Rd2 Rd7 50. Rc7 Rd8 51. b7 1-0

[Event "Varna op 5th"]
[Site "Varna"]
[Date "2011.07.05"]
[Round "4"]
[White "Konstantinov, Aleksandar"]
[Black "Georgiev, Biser"]
[Result "0-1"]
[WhiteElo "1869"]
[BlackElo "2263"]
[PlyCount "70"]
[EventDate "2011.07.03"]
[EventType "swiss"]
[EventRounds "9"]
[EventCountry "BUL"]
[SourceTitle "CBM 143 Extra"]
[Source "ChessBase"]
[SourceDate "2011.08.29"]
[SourceVersion "1"]
[SourceVersionDate "2011.08.29"]
[SourceQuality "1"]

1. e4 c5 2. Nf3 e6 3. d4 cxd4 4. Nxd4 Nf6 5. Nc3 Bb4 6. Bd3 d5 7. e5 Nfd7 8. f4 Nc6 9. Nxc6 bxc6 10. 0-0 a5 11. Kh1 0-0 12. Rf3 f5 13. Rh3 g6 14. Ne2 Nc5 15. Nd4 Nxd3 16. Qxd3 Qe8 17. c3 Be7 18. Bd2 c5 19. Nf3 Ba6 20. Qe3 Qc6 21. Be1 Rab8 22. b3 a4 23. bxa4 Rb2 24. Bh4 Re2 25. Qc1 Bxh4 26. Rxh4 Rb8 27. Rb1 Rb7 28. Rxb7 Bxb7 29. Qb1 d4 30. Rh3 dxc3 31. Rg3 Rb2 32. Qc1 Qxa4 33. Qxc3 Bxf3 34. gxf3 Qd1+ 35. Rg1 Qe2 0-1

[Event "Varna op 5th"]
[Site "Varna"]
[Date "2011.07.04"]
[Round "2"]
[White "Konstantinov, Aleksandar"]
[Black "Qadimbayli, Qoshgar"]
[Result "0-1"]
[WhiteElo "1869"]
[BlackElo "1824"]
[PlyCount "80"]
[EventDate "2011.07.03"]
[EventType "swiss"]
[EventRounds "9"]
[EventCountry "BUL"]
[SourceTitle "CBM 143 Extra"]
[Source "ChessBase"]
[SourceDate "2011.08.29"]
[SourceVersion "1"]
[SourceVersionDate "2011.08.29"]
[SourceQuality "1"]

1. e4 e6 2. Nf3 d5 3. exd5 exd5 4. d4 Bd6 5. Bd3 Ne7 6. Bg5 Nbc6 7. c3 Be6 8. Nbd2 Qd7 9. b4 h6 10. Bh4 Bf5 11. Nb3 Bxd3 12. Qxd3 b6 13. b5 Nd8 14. Bg3 Ne6 15. Bxd6 cxd6 16. g3 0-0 17. 0-0 Rac8 18. Nbd2 Rc7 19. Rfc1 Rfc8 20. a4 Rb8 21. Kg2 Nd8 22. a5 bxa5 23. Rxa5 Rcb7 24. Rb1 Ne6 25. c4 dxc4 26. Nxc4 Nc7 27. Qa3 Nxb5 28. Qa4 Nd5 29. Rbxb5 Rxb5 30. Nxd6 Nc3 31. Rxb5 Nxb5 32. Nc4 Rd8 33. Nce5 Qd5 34. Qa5 Nxd4 35. Qxa7 Nxf3 36. Nxf3 g5 37. h3 f5 38. Qa4 h5 39. g4 fxg4 40. hxg4 Rf8 0-1

[Event "Varna op 4th"]
[Site "Varna"]
[Date "2010.06.19"]
[Round "8"]
[White "Konstantinov, Aleksandar"]
[Black "Qadimbayli, Qoshgar"]
[Result "1/2-1/2"]
[WhiteElo "1885"]
[BlackElo "1728"]
[PlyCount "67"]
[EventDate "2010.06.12"]
[EventType "swiss"]
[EventRounds "9"]
[EventCountry "BUL"]
[SourceTitle "CBM 136 Extra"]
[Source "ChessBase"]
[SourceDate "2010.07.02"]
[SourceVersion "2"]
[SourceVersionDate "2010.07.15"]
[SourceQuality "1"]

1. e4 e6 2. d4 d5 3. exd5 exd5 4. Bf4 Bd6 5. Bg3 Ne7 6. Bd3 0-0 7. Ne2 Bf5 8. c3 c6 9. 0-0 Qc7 10. Na3 Nd7 11. Nc2 Nf6 12. Ne3 Bxd3 13. Qxd3 Ne4 14. Bxd6 Qxd6 15. f3 Nf6 16. Ng3 Rfe8 17. Rae1 h5 18. Qd2 Qf4 19. Nc4 Qxd2 20. Nxd2 h4 21. Ne2 Nf5 22. g3 hxg3 23. hxg3 Rxe2 24. Rxe2 Nxg3 25. Re7 Nxf1 26. Nxf1 Rb8 27. Ng3 Kf8 28. Rc7 g6 29. b3 Ne8 30. Rd7 Nf6 31. Rc7 Nh7 32. f4 Nf6 33. Kf2 Ne8 34. Rd7 1/2-1/2

[Event "Varna op 4th"]
[Site "Varna"]
[Date "2010.06.15"]
[Round "4"]
[White "Konstantinov, Aleksandar"]
[Black "Musaev, Eldar Elman"]
[Result "0-1"]
[WhiteElo "1885"]
[BlackElo "2195"]
[PlyCount "66"]
[EventDate "2010.06.12"]
[EventType "swiss"]
[EventRounds "9"]
[EventCountry "BUL"]
[SourceTitle "CBM 136 Extra"]
[Source "ChessBase"]
[SourceDate "2010.07.02"]
[SourceVersion "2"]
[SourceVersionDate "2010.07.15"]
[SourceQuality "1"]

1. e4 c6 2. d4 d5 3. exd5 cxd5 4. Nf3 Nf6 5. Bd3 Nc6 6. 0-0 Bg4 7. c3 e6 8. Bf4 Bd6 9. Bg3 0-0 10. Nbd2 Rb8 11. Qc2 Rc8 12. a3 Bxg3 13. hxg3 Bxf3 14. Nxf3 g6 15. Qd2 Kg7 16. Rae1 a6 17. Qf4 b5 18. g4 Qc7 19. Ne5 Nd7 20. Qe3 Ndxe5 21. dxe5 d4 22. cxd4 Qd7 23. a4 bxa4 24. Bxa6 Rb8 25. Rd1 Rxb2 26. d5 exd5 27. Qc3 Rb3 28. Qa1 Qe6 29. Qxa4 Rb4 30. Qa2 Ra8 31. Rxd5 Rxa6 32. Qxa6 Qxd5 33. Rc1 Nxe5 0-1

[Event "Varna op 4th"]
[Site "Varna"]
[Date "2010.06.13"]
[Round "2"]
[White "Konstantinov, Aleksandar"]
[Black "Sadzikowski, Daniel"]
[Result "0-1"]
[WhiteElo "1885"]
[BlackElo "2258"]
[PlyCount "96"]
[EventDate "2010.06.12"]
[EventType "swiss"]
[EventRounds "9"]
[EventCountry "BUL"]
[SourceTitle "CBM 136 Extra"]
[Source "ChessBase"]
[SourceDate "2010.07.02"]
[SourceVersion "2"]
[SourceVersionDate "2010.07.15"]
[SourceQuality "1"]

1. e4 c5 2. Nf3 d6 3. d4 cxd4 4. Nxd4 Nf6 5. Nc3 a6 6. a4 e6 7. Be2 Be7 8. 0-0 Nc6 9. Kh1 0-0 10. f4 Qc7 11. Be3 Re8 12. Bf3 Nxd4 13. Bxd4 e5 14. Be3 exf4 15. Bxf4 Be6 16. Nd5 Bxd5 17. exd5 Nd7 18. Ra3 Bf6 19. Bc1 Re7 20. Bg4 Rae8 21. Rg3 Nc5 22. c3 Bh4 23. Rgf3 Re1 24. Qc2 Qe7 25. Bd2 Rxf1+ 26. Rxf1 Bg5 27. Bxg5 Qxg5 28. Bf3 Qe3 29. h3 g6 30. b4 Nd3 31. Qb3 Ne5 32. b5 a5 33. Qc2 Rc8 34. Rc1 Nxf3 35. gxf3 Qxf3+ 36. Qg2 Qxg2+ 37. Kxg2 Rc4 38. Kf3 b6 39. Ke3 Rxa4 40. c4 Ra3+ 41. Kd4 Rxh3 42. Re1 Kf8 43. Re4 Rb3 44. Re2 h5 45. Ke4 a4 46. Ra2 a3 47. Kd4 h4 48. c5 bxc5+ 0-1

[Event "BUL-ch U20"]
[Site "Sofia"]
[Date "2009.03.14"]
[Round "8"]
[White "Nikolov, Rumen"]
[Black "Konstantinov, Aleksandar"]
[Result "0-1"]
[WhiteElo "1815"]
[BlackElo "1878"]
[PlyCount "116"]
[EventDate "2009.03.09"]
[EventType "swiss"]
[EventRounds "9"]
[EventCountry "BUL"]
[SourceTitle "CBM 129 Extra"]
[Source "ChessBase"]
[SourceDate "2009.05.05"]
[SourceVersion "2"]
[SourceVersionDate "2009.05.20"]
[SourceQuality "1"]

1. e4 c5 2. Nf3 e6 3. d4 cxd4 4. c3 dxc3 5. Nxc3 Bb4 6. Bc4 Ne7 7. 0-0 Nbc6 8. Qe2 a6 9. Rd1 b5 10. Bb3 h6 11. Be3 0-0 12. Rac1 Na5 13. Nd4 Nxb3 14. Nxb3 d5 15. exd5 Nxd5 16. Nxd5 exd5 17. a3 Be7 18. Nd4 Re8 19. Nc6 Qd6 20. Nxe7+ Rxe7 21. Qf3 Rd7 22. Rc5 Bb7 23. Bd4 Re8 24. Qg4 f6 25. f3 Rde7 26. Qh4 Rc7 27. Rdc1 Rec8 28. b4 Bc6 29. Be3 Qe5 30. Qd4 Qxd4 31. Bxd4 g5 32. R5c3 Kf7 33. Kf2 Ke6 34. Bb6 Kd7 35. Bxc7 Rxc7 36. Kg3 f5 37. h3 Kd6 38. f4 Rc8 39. Rc5 Kd7 40. fxg5 hxg5 41. h4 gxh4+ 42. Kxh4 Bb7 43. Rxc8 Bxc8 44. Rxc8 Kxc8 45. Kg5 d4 46. Kf4 Kd7 47. g4 d3 48. Ke3 fxg4 49. Kxd3 Kd6 50. Ke4 g3 51. Kf3 g2 52. Kxg2 Kd5 53. Kf3 Kc4 54. Ke3 Kb3 55. Kd3 Kxa3 56. Kc3 Ka4 57. Kd3 Kxb4 58. Kc2 Ka3 0-1

[Event "Dubrovnik op"]
[Site "Dubrovnik"]
[Date "2008.04.24"]
[Round "2"]
[White "Portada, Maroje"]
[Black "Konstantinov, Aleksandar"]
[Result "1-0"]
[WhiteElo "2104"]
[BlackElo "1878"]
[PlyCount "91"]
[EventDate "2008.04.24"]
[EventType "swiss"]
[EventRounds "7"]
[EventCountry "CRO"]
[SourceTitle "CBM 124 Extra"]
[Source "ChessBase"]
[SourceDate "2008.07.03"]
[SourceVersion "1"]
[SourceVersionDate "2008.07.03"]
[SourceQuality "1"]

1. d4 Nf6 2. c4 c5 3. d5 b5 4. cxb5 a6 5. b6 d6 6. Nc3 Qxb6 7. e4 Nbd7 8. Nf3 g6 9. g3 Bg7 10. Bg2 0-0 11. 0-0 Qd8 12. h3 Nb6 13. Re1 Nfd7 14. Na4 Nc4 15. Qc2 Nce5 16. Nd2 Nb6 17. f4 Ned7 18. Nxb6 Qxb6 19. Nc4 Qc7 20. Bd2 Bd4+ 21. Kh2 a5 22. e5 Bb7 23. exd6 exd6 24. Re7 Bf6 25. Bxa5 Rxa5 26. Rxd7 Qxd7 27. Nxa5 Qb5 28. Nc4 Rd8 29. Re1 Ba6 30. b3 Qb4 31. Re4 Bxc4 32. Rxc4 Qb7 33. h4 Bd4 34. b4 Qd7 35. a4 Ra8 36. b5 Ra5 37. Qb3 Qa7 38. Bf3 Bf2 39. Qc2 Be1 40. f5 Bb4 41. Bd1 Qb7 42. Qe4 Kf8 43. f6 Qd7 44. Qe3 Qf5 45. Qe7+ Kg8 46. Qe8# 1-0

[Event "BUL-chT U18"]
[Site "Razgrad"]
[Date "2006.11.08"]
[Round "1.2"]
[White "Konstantinov, Aleksandar"]
[Black "Kolev, Vasil"]
[Result "1-0"]
[WhiteElo "1861"]
[BlackElo "1993"]
[PlyCount "69"]
[EventDate "2006.11.08"]
[EventType "team-tourn"]
[EventRounds "7"]
[EventCountry "BUL"]
[SourceTitle "CBM 115 Extra"]
[Source "ChessBase"]
[SourceDate "2007.01.10"]
[SourceVersion "1"]
[SourceVersionDate "2007.01.10"]
[SourceQuality "1"]

1. e4 c5 2. Nf3 d6 3. d4 cxd4 4. Nxd4 Nf6 5. Nc3 a6 6. Be2 e5 7. Nb3 Be6 8. Be3 Be7 9. Qd2 h5 10. f3 Nbd7 11. 0-0-0 b5 12. Bd3 b4 13. Ne2 a5 14. Kb1 0-0 15. h3 Nb6 16. g4 Nc4 17. Bxc4 Bxc4 18. Ng3 a4 19. Nc1 d5 20. g5 Nh7 21. exd5 Bxg5 22. Nxh5 Bxe3 23. Qxe3 Qg5 24. Qxg5 Nxg5 25. Rhg1 Nxf3 26. Rxg7+ Kh8 27. Rg3 Nd4 28. Nd3 b3 29. cxb3 axb3 30. a3 Bxd5 31. Nf6 Be6 32. Nxe5 Bf5+ 33. Nd3 Ne2 34. Rg5 Ra5 35. Ka1 1-0